| 000 | 00351cam a22001097a 4500 | ||
|---|---|---|---|
| 008 | 180718b1982 xxu||||| |||| 00| 0 eng d | ||
| 082 | _aA75 Ut8GH | ||
| 245 |
_aUttar Pradesh district gazetteers: Ghazipur _cedited by Dangli Prasad Varun |
||
| 260 |
_aLucknow _bDepartment of District Gazetteers _c1982 |
||
| 300 | _a290+p. | ||
| 700 | _aVarun, Prasad Dangli | ||
| 999 |
_c486976 _d486976 |
||